00254nam a22001097a 4500003000400000082001400004100002300018245005300041250000900094260003300103300000800136SGT a150bE17S aSTAHL, STEPHEN M.  aESSENTIAL PSYCHOPHARMACOLOGY PRESCRIBER'S GUIDE  a6TH  aINDIA bCAMBRIDGE UNI c2017 a868